| 000 | 01004cam a2200289 a 4500 | ||
|---|---|---|---|
| 999 |
_c330081 _d330081 |
||
| 001 | 14177613 | ||
| 003 | NUST | ||
| 005 | 20170612140712.0 | ||
| 008 | 030818s2003 pk 000 0 urdo | ||
| 010 | _a 2003344347 | ||
| 020 | _a9693511824 | ||
| 025 | _aP-U-2003344347; 05; 06 | ||
| 035 | _a(DLC) 2003344347 | ||
| 040 |
_aDLC _cDLC _dDLC |
||
| 042 | _alcode | ||
| 050 | 0 | 0 |
_aHN690.5.A8 _bM85 2003 |
| 082 |
_a891.421 _bMUN |
||
| 100 | 0 |
_aMunnū Bhāʼī. _92175 |
|
| 245 | 1 | 0 |
_aAjey qiamat nain aai / _cMunnū Bhāʼī. |
| 260 |
_aLāhore : _bSāng-e Meel Publications, _c2003. |
||
| 300 |
_a72 p. ; _c22 cm. |
||
| 500 | _aIn Urdu. | ||
| 520 | _aCollection of columns on decline in social and cultural values and lack of good governance in Pakistan. | ||
| 650 | 0 |
_aPunjabi Literature- Poetry _92176 |
|
| 880 |
_aمنو بھایٗ _6100-01\(3\r |
||
| 880 |
_aاجے قیامت نٗیں آیٗ _6245-02\(3\r _cمنو بھایٗ |
||
| 880 |
_aلاہور: _6260-03\(3\r _bسنگ میل پبلیکیشنز، _c2003. |
||
| 906 |
_a7 _bcbc _corigode _d3 _encip _f20 _gy-gencatlg |
||
| 942 |
_2ddc _cBK |
||